000
00319 a2200157 4500
001
186710
020
_a
85-305-0136-5
040
_c
Magnum
100
_a
Belinky, Tatiana
240
1
0
_a
Beijo, não!
_l
por
245
1
0
_a
Beijo, não!
300
_a
23
362
0
_a
1997
697
_a
LITERATURA INFANTO
942
_c
BK
999
_c
186710
_d
186710